[Event "Bizkaia-ch"]
[Site "Bilbao"]
[Date "2018.11.10"]
[Round "4"]
[White "Hernandez Garcia, Maximo"]
[Black "Goiria Egidazu, Jon Asel"]
[Result "1/2-1/2"]
[WhiteElo "1977"]
[BlackElo "2084"]
[PlyCount "124"]
[EventDate "2018.10.20"]
[EventType "swiss"]
[EventRounds "6"]
[EventCountry "ESP"]
[SourceTitle "CBM 187 Extra"]
[Source "ChessBase"]
[SourceDate "2018.11.04"]
[SourceVersion "1"]
[SourceVersionDate "2018.11.04"]
[SourceQuality "1"]

1. e4 e5 2. Nf3 Nc6 3. Bc4 Bc5 4. c3 Nf6 5. d3 0-0 6. 0-0 d5 7. exd5 Nxd5 8. b4 Be7 9. b5 Na5 10. Nxe5 Bf6 11. Re1 Nxc4 12. dxc4 Nb6 13. Qb3 Bxe5 14. Rxe5 Re8 15. Rxe8+ Qxe8 16. Be3 Qe4 17. Nd2 Qd3 18. Bxb6 axb6 19. Nf1 Be6 20. Ne3 Qe2 21. Qd1 Bxc4 22. Qxe2 Bxe2 23. Nd5 Bc4 24. Nxc7 Rc8 25. Rd1 Kf8 26. Nd5 Rd8 27. Ne3 Rxd1+ 28. Nxd1 Bxa2 29. Ne3 Ke7 30. Kf1 Kd6 31. Nf5+ Kc5 32. Nxg7 Kc4 33. Ne8 Kxc3 34. Nf6 Bb1 35. Nd5+ Kc4 36. Nxb6+ Kxb5 37. Nc8 Kc5 38. Ke1 b5 39. Kd2 Bf5 40. Ne7 Be6 41. Ng8 b4 42. Nf6 b3 43. Kc3 h6 44. Ng8 h5 45. Nf6 h4 46. h3 Kd6 47. Ne4+ Ke5 48. Nd2 Bd5 49. g3 hxg3 50. fxg3 Be6 51. Nf3+ Kf6 52. h4 Bd5 53. Nd4 Ke5 54. Nxb3 Kf5 55. Nd4+ Kg4 56. Ne2 f5 57. Kd2 Bf3 58. Ke3 Bxe2 59. Kxe2 f4 60. h5 Kxh5 61. gxf4 Kg4 62. Ke3 Kf5 1/2-1/2

[Event "Euskadi-ch"]
[Site "Pamplona"]
[Date "2018.04.03"]
[Round "2"]
[White "Nogues Fernandez, Ramon"]
[Black "Goiria Egidazu, Jon Asel"]
[Result "0-1"]
[WhiteElo "2003"]
[BlackElo "2078"]
[PlyCount "48"]
[EventDate "2018.04.02"]
[EventType "swiss"]
[EventRounds "7"]
[EventCountry "ESP"]
[SourceTitle "EXT 2021"]
[Source "ChessBase"]
[SourceDate "2020.10.23"]
[SourceVersion "1"]
[SourceVersionDate "2020.10.23"]
[SourceQuality "1"]

1. d4 Nf6 2. c4 e6 3. Nc3 Bb4 4. e3 c5 5. Nge2 cxd4 6. exd4 0-0 7. a3 Be7 8. Nf4 d5 9. cxd5 Nxd5 10. Nfxd5 exd5 11. Bd3 Nc6 12. 0-0 Bf6 13. Be3 g6 14. Be2 Be6 15. Bf3 Rc8 16. Qa4 Na5 17. Rac1 Bg7 18. Nxd5 Rxc1 19. Rxc1 Bxd5 20. Bxd5 Qxd5 21. Rc5 Qe4 22. b4 Nc6 23. b5 Nxd4 24. Qxa7 Qb1+ 0-1

[Event "Euskadi-chT (Vasca) Div 1st"]
[Site "Bergara"]
[Date "2016.??.??"]
[Round "1.4"]
[White "Goiria Egidazu, Jon Asel"]
[Black "Besga Lopez, Jose Angel"]
[Result "0-1"]
[WhiteElo "1980"]
[BlackElo "2101"]
[PlyCount "50"]
[EventDate "2016.01.09"]
[EventType "team-tourn"]
[EventRounds "9"]
[EventCountry "ESP"]
[SourceTitle "EXT 2024"]
[Source "ChessBase"]
[SourceDate "2023.10.10"]
[SourceVersion "1"]
[SourceVersionDate "2023.10.10"]
[SourceQuality "1"]

1. e4 e5 2. Nf3 f5 3. Nxe5 Bc5 4. Qh5+ g6 5. Nxg6 Nf6 6. Qh3 Rg8 7. Nf4 fxe4 8. Be2 d5 9. Qc3 Qd6 10. g3 Nc6 11. a3 Bg4 12. d3 0-0-0 13. 0-0 Nd4 14. Bxg4+ Nxg4 15. dxe4 dxe4 16. Nd2 Qxf4 17. Qxc5 Ne2+ 18. Kh1 Qf7 19. Qc4 Nxf2+ 20. Kg2 Nf4+ 21. Kg1 Qh5 22. Kxf2 Qxh2+ 23. Ke1 Qxg3+ 24. Kd1 Qg4+ 25. Ke1 Ng2+ 0-1

[Event "Euskadi-chT (Vasca) Div 1st"]
[Site "Bergara"]
[Date "2015.01.31"]
[Round "4.4"]
[White "Sanchez Ruesga, Carlos"]
[Black "Goiria Egidazu, Jon Asel"]
[Result "1/2-1/2"]
[WhiteElo "1842"]
[BlackElo "2000"]
[PlyCount "31"]
[EventDate "2015.01.10"]
[EventType "team-tourn"]
[EventRounds "9"]
[EventCountry "ESP"]
[SourceTitle "EXT 2024"]
[Source "ChessBase"]
[SourceDate "2023.10.10"]
[SourceVersion "1"]
[SourceVersionDate "2023.10.10"]
[SourceQuality "1"]

1. e4 e5 2. Nf3 Nc6 3. Bb5 a6 4. Bxc6 dxc6 5. Nc3 f6 6. d4 exd4 7. Nxd4 c5 8. Nde2 Qxd1+ 9. Nxd1 Be6 10. 0-0 0-0-0 11. Bf4 Ne7 12. Ndc3 Ng6 13. Bg3 Ne5 14. Bxe5 fxe5 15. Rfe1 Bd6 16. Nd5 1/2-1/2

[Event "Euskadi-chT (Vasca) Div 1st"]
[Site "Bergara"]
[Date "2015.01.10"]
[Round "1.4"]
[White "Goiria Egidazu, Jon Asel"]
[Black "Besga Lopez, Jose Angel"]
[Result "1/2-1/2"]
[WhiteElo "2000"]
[BlackElo "2115"]
[PlyCount "80"]
[EventDate "2015.01.10"]
[EventType "team-tourn"]
[EventRounds "9"]
[EventCountry "ESP"]
[SourceTitle "EXT 2024"]
[Source "ChessBase"]
[SourceDate "2023.10.10"]
[SourceVersion "1"]
[SourceVersionDate "2023.10.10"]
[SourceQuality "1"]

1. e4 e5 2. Nf3 f5 3. Nxe5 Qe7 4. Qh5+ g6 5. Nxg6 Qxe4+ 6. Be2 Nf6 7. Qh3 hxg6 8. Qxh8 Qxg2 9. Rf1 Kf7 10. Nc3 Nc6 11. Qh4 Nb4 12. Kd1 Bd6 13. Nb5 Qxh2 14. Qxh2 Bxh2 15. Rh1 a6 16. Rxh2 axb5 17. a3 b6 18. Rh8 Nbd5 19. d4 Kg7 20. Rh2 f4 21. c3 d6 22. Ke1 Bf5 23. Bd2 Re8 24. Kf1 Ne4 25. Rd1 g5 26. Bf3 Ndf6 27. Bc1 Be6 28. Re1 Bd5 29. Kg2 g4 30. Bxe4 f3+ 31. Kg3 Nxe4+ 32. Rxe4 Rxe4 33. Be3 Be6 34. Rh5 Bd7 35. Rg5+ Kf7 36. Rh5 Kg7 37. Rg5+ Kf6 38. Rh5 Re8 39. Rh6+ Ke7 40. Bg5+ Kf7 1/2-1/2

[Event "Erandio op 23rd"]
[Site "Erandio"]
[Date "2014.12.27"]
[Round "7"]
[White "Goiria Egidazu, Jon Asel"]
[Black "Fernandez Rivera, Igor"]
[Result "1-0"]
[WhiteElo "1957"]
[BlackElo "1843"]
[PlyCount "81"]
[EventDate "2014.12.20"]
[EventType "swiss"]
[EventRounds "8"]
[EventCountry "ESP"]
[SourceTitle "CBM 164 Extra"]
[Source "ChessBase"]
[SourceDate "2015.03.02"]
[SourceVersion "1"]
[SourceVersionDate "2015.03.02"]
[SourceQuality "1"]

1. e4 d6 2. d4 Nf6 3. Nc3 e5 4. dxe5 dxe5 5. Qxd8+ Kxd8 6. Nf3 Bd6 7. Be3 Be6 8. 0-0-0 Ke7 9. Nd2 Nbd7 10. f3 Bc5 11. Nc4 Bxe3+ 12. Nxe3 c6 13. Bc4 Nh5 14. Rd2 Rad8 15. Bxe6 fxe6 16. Nc4 g5 17. Rhd1 Nf4 18. g3 Ng6 19. Na5 Nc5 20. Rxd8 Rxd8 21. Rxd8 Kxd8 22. b4 Na6 23. Nxb7+ Kc7 24. Nc5 Nxc5 25. bxc5 h5 26. Kd2 Kb7 27. Kd3 Ka6 28. Kc4 Ka5 29. a4 Ne7 30. Kb3 Ng6 31. Nd1 Ka6 32. Ne3 Kb7 33. Kb4 a6 34. Nc4 Ka7 35. Nd6 g4 36. fxg4 hxg4 37. Nf7 Kb8 38. Nh6 Ne7 39. Nxg4 Ng8 40. h4 Kc7 41. h5 1-0

[Event "Euskadi-ch"]
[Site "Zornotza"]
[Date "2014.04.26"]
[Round "6"]
[White "Sarralde Osua, Diego"]
[Black "Goiria Egidazu, Jon Asel"]
[Result "1/2-1/2"]
[WhiteElo "2133"]
[BlackElo "1955"]
[PlyCount "102"]
[EventDate "2014.04.21"]
[EventType "swiss"]
[EventRounds "7"]
[EventCountry "ESP"]
[SourceTitle "CBM 160 Extra"]
[Source "ChessBase"]
[SourceDate "2014.07.01"]
[SourceVersion "1"]
[SourceVersionDate "2014.07.01"]
[SourceQuality "1"]

1. d4 Nf6 2. Nf3 e6 3. Bf4 d5 4. e3 Bd6 5. Bg5 c5 6. c3 Nbd7 7. Nbd2 0-0 8. Bd3 Be7 9. h3 b6 10. Bf4 Bb7 11. Rc1 Ne4 12. 0-0 Ndf6 13. Ne5 Bd6 14. f3 Nxd2 15. Qxd2 Nh5 16. Bh2 Qc7 17. Qf2 f6 18. Ng4 Bxh2+ 19. Nxh2 Ng3 20. Rfe1 Rae8 21. Qc2 g6 22. Ng4 c4 23. Bf1 e5 24. Qd2 e4 25. f4 Bc8 26. Nh2 Qg7 27. Qf2 Nf5 28. Rb1 Be6 29. Be2 Rb8 30. b3 b5 31. bxc4 bxc4 32. Bg4 Qc7 33. Qc2 Ng7 34. Be2 Rxb1 35. Rxb1 Rb8 36. Nf1 Rb6 37. Rxb6 Qxb6 38. Nd2 Nf5 39. Kf2 Nd6 40. Qb1 Qxb1 41. Nxb1 Nb5 42. Bd1 Kf7 43. Ke1 Ke7 44. Kf2 Bd7 45. g4 g5 46. fxg5 fxg5 47. Kg3 h6 48. Ba4 Nd6 49. Bxd7 Kxd7 50. Kf2 Kc6 51. Ke1 Kd7 1/2-1/2

[Event "Euskadi-chT (Vasca) Div 1st"]
[Site "Bergara"]
[Date "2014.01.18"]
[Round "2.5"]
[White "Goiria Egidazu, Jon Asel"]
[Black "Martiarena Lizarribar, Eneko"]
[Result "1-0"]
[WhiteElo "1981"]
[BlackElo "1968"]
[PlyCount "55"]
[EventDate "2014.01.11"]
[EventType "team-tourn"]
[EventRounds "9"]
[EventCountry "ESP"]
[SourceTitle "EXT 2024"]
[Source "ChessBase"]
[SourceDate "2023.10.10"]
[SourceVersion "1"]
[SourceVersionDate "2023.10.10"]
[SourceQuality "1"]

1. e4 e5 2. Nf3 Nc6 3. Bb5 Nf6 4. 0-0 Nxe4 5. d4 Nd6 6. Bxc6 dxc6 7. dxe5 Nf5 8. Qxd8+ Kxd8 9. Nc3 Ke8 10. h3 h6 11. Bf4 Ne7 12. Rad1 a6 13. Rfe1 c5 14. e6 fxe6 15. Bxc7 Nc6 16. Nd5 b5 17. Nb6 Ra7 18. Bg3 Bd7 19. Rxd7 Rxd7 20. Rxe6+ Be7 21. Rxc6 Rd1+ 22. Kh2 Rf8 23. Nc8 Bf6 24. b3 Kd7 25. Rc7+ Kd8 26. Rxc5 Ra1 27. Nb6 Re8 28. Bd6 1-0

[Event "Euskadi-chT (Vasca) Div 1st"]
[Site "Bergara"]
[Date "2014.01.11"]
[Round "1.2"]
[White "Garcia Martinez De la H, Alberto"]
[Black "Goiria Egidazu, Jon Asel"]
[Result "1-0"]
[WhiteElo "1580"]
[BlackElo "1981"]
[PlyCount "69"]
[EventDate "2014.01.11"]
[EventType "team-tourn"]
[EventRounds "9"]
[EventCountry "ESP"]
[SourceTitle "EXT 2024"]
[Source "ChessBase"]
[SourceDate "2023.10.10"]
[SourceVersion "1"]
[SourceVersionDate "2023.10.10"]
[SourceQuality "1"]

1. d4 Nf6 2. c4 e6 3. Nc3 Bb4 4. f3 d5 5. a3 Be7 6. cxd5 exd5 7. e4 dxe4 8. fxe4 0-0 9. Nf3 Bg4 10. Be2 Nc6 11. Be3 Qd7 12. d5 Bxf3 13. gxf3 Ne5 14. Rg1 Qh3 15. Bf4 Ng6 16. Bxc7 Bc5 17. Rf1 Nh5 18. Qd2 Qh4+ 19. Kd1 Rac8 20. d6 Nhf4 21. Nd5 Ne6 22. Rc1 Nxc7 23. dxc7 Bd6 24. Bb5 Bxh2 25. Bd7 Rxc7 26. Nxc7 Rd8 27. Nd5 Rxd7 28. Rc8+ Nf8 29. Nf6+ Qxf6 30. Qxd7 Bd6 31. Kc2 Qd4 32. Rd1 Qf2+ 33. Rd2 Qc5+ 34. Rxc5 Nxd7 35. Rxd6 1-0

[Event "Euskadi-ch"]
[Site "Zornotza"]
[Date "2013.04.05"]
[Round "5"]
[White "Goiria Egidazu, Jon Asel"]
[Black "Guijarro Galan, Jose Luis"]
[Result "0-1"]
[WhiteElo "1947"]
[BlackElo "2154"]
[PlyCount "54"]
[EventDate "2013.04.01"]
[EventType "swiss"]
[EventRounds "7"]
[EventCountry "ESP"]
[SourceTitle "CBM 153 Extra"]
[Source "ChessBase"]
[SourceDate "2013.04.22"]
[SourceVersion "1"]
[SourceVersionDate "2013.04.22"]
[SourceQuality "1"]

1. e4 c5 2. Nc3 Nc6 3. f4 e6 4. Nf3 d5 5. Bb5 Nge7 6. exd5 exd5 7. Qe2 g6 8. Qe3 Qd6 9. d4 c4 10. Qe5 Qe6 11. 0-0 f6 12. Bxc6+ Qxc6 13. Qe2 Bg4 14. Bd2 0-0-0 15. b3 Nf5 16. bxc4 Bxf3 17. Qxf3 Qxc4 18. Kh1 Nxd4 19. Qh3+ Kb8 20. Rab1 Bc5 21. Rfe1 h5 22. a4 h4 23. Nb5 Nf5 24. Be3 Bxe3 25. Rxe3 Qxc2 26. Reb3 Ng3+ 27. Kg1 Qc5+ 0-1

[Event "Euskadi-ch"]
[Site "Zornotza"]
[Date "2013.04.02"]
[Round "2"]
[White "Perez Fernandez, Modesto C"]
[Black "Goiria Egidazu, Jon Asel"]
[Result "1-0"]
[WhiteElo "2048"]
[BlackElo "1947"]
[PlyCount "109"]
[EventDate "2013.04.01"]
[EventType "swiss"]
[EventRounds "7"]
[EventCountry "ESP"]
[SourceTitle "CBM 153 Extra"]
[Source "ChessBase"]
[SourceDate "2013.04.22"]
[SourceVersion "1"]
[SourceVersionDate "2013.04.22"]
[SourceQuality "1"]

1. e4 e5 2. Nf3 Nc6 3. Bb5 a6 4. Bxc6 dxc6 5. 0-0 f6 6. d4 exd4 7. Nxd4 c5 8. Ne2 Qxd1 9. Rxd1 Bd7 10. Be3 0-0-0 11. Nbc3 b6 12. Rd2 Re8 13. Rad1 Bc6 14. f3 Ne7 15. Kf2 Ng6 16. Nd5 Ne5 17. b3 c4 18. Nef4 h5 19. Bd4 Bxd5 20. Nxd5 cxb3 21. cxb3 Nc6 22. Be3 Nb4 23. Rc1 Nxd5 24. Rxd5 Ba3 25. Rc2 Re6 26. h4 g6 27. Rc4 b5 28. Rc2 Rd8 29. Bf4 Bd6 30. Bxd6 Rexd6 31. Rxd6 Rxd6 32. Ke3 Kd7 33. g4 Rc6 34. Rg2 Ke6 35. gxh5 gxh5 36. Kf4 Rc1 37. Rg7 Rc2 38. Rh7 Rxa2 39. Rxc7 Ra3 40. Rc6+ Kf7 41. Rc7+ Ke6 42. Rc6+ Kf7 43. b4 Rb3 44. Rxa6 Rxb4 45. Kf5 Rb3 46. f4 Rh3 47. Rxf6+ Kg7 48. Rg6+ Kf7 49. Rb6 Rxh4 50. Rb7+ Kf8 51. Rxb5 Rh1 52. Kf6 Ke8 53. Rb8+ Kd7 54. e5 Re1 55. f5 1-0